[Event "Politiken Cup"]
[Site "Copenhagen"]
[Date "1996.??.??"]
[Round "8"]
[White "Brynell, Stellan"]
[Black "Hansen, Lars"]
[Result "1-0"]
[WhiteElo "2445"]
[BlackElo "2250"]

1.e4 g6 2.d4 Bg7 3.Nc3 d6 4.Nf3 a6 5.a4 Bg4 6.Be3 Nc6 7.Be2 e5 8.d5 Bxf3
9.Bxf3 Nd4 10.O-O c5 11.dxc6 bxc6 12.Bxd4 exd4 13.Ne2 Qb6 14.a5 Qc5 15.Ra4 Qb5
16.b3 c5 17.Nf4 Ne7 18.e5 Rd8 19.exd6 Rxd6 20.Re1 Kf8 21.Nd3 Bf6 22.Rc4 Qxa5
23.Nxc5 Qb6 24.Ne4 Rd8 25.Qe2 Nf5 26.Nxf6 Qxf6 27.Rc6 Rd6 28.Qxa6 Kg7 29.h3 h5
30.Rd1 Rhd8 31.Rxd6 Rxd6 32.Qd3 Qe5 33.Be4 Nh4 34.g3 Nf5 35.Bxf5 gxf5 36.c3 f4
37.cxd4 Qg5 38.Kg2 h4 39.g4 Qa5 40.d5 Qc5 41.Qd4+ Qxd4 42.Rxd4 f5 43.Kf3 fxg4+
44.Kxg4  1-0

[Event "Politiken Cup"]
[Site "Copenhagen"]
[Date "1996.??.??"]
[Round "9"]
[White "Nouro, Mikael"]
[Black "Hoi, Carsten"]
[Result "1-0"]
[WhiteElo "2275"]
[BlackElo "2435"]

1.e4 g6 2.d4 Bg7 3.Nc3 d6 4.Nge2 Nf6 5.g3 O-O 6.Bg2 e5 7.h3 Nc6 8.Be3 exd4
9.Nxd4 Nxd4 10.Bxd4 Bd7 11.O-O a5 12.Qd2 Bc6 13.Rad1 Re8 14.Rfe1 Nd7 15.Bxg7 Kxg7
16.f4 f6 17.Qd4 Qb8 18.Nd5 Bxd5 19.exd5 Kf7 20.Bf1 Rxe1 21.Rxe1 Qa7 22.Qxa7 Rxa7
23.Bb5 Nb6 24.c4 Ra8 25.Re3 Rc8 26.Ra3 a4 27.Bxa4 Nxc4 28.Bd7 Rb8 29.Rc3 Nxb2
30.Rxc7 Kg8 31.Bb5 Ra8 32.Rxb7 Rxa2 33.Rb6 Nd1 34.Rxd6 Ne3 35.Re6 Rg2+ 36.Kh1 Rb2
37.d6  1-0

[Event "Politiken Cup"]
[Site "Copenhagen"]
[Date "1996.??.??"]
[Round "10"]
[White "Christensen, Bo Garner"]
[Black "Christensen, Tobias"]
[Result "0-1"]
[WhiteElo "2225"]
[BlackElo "2405"]

1.e4 g6 2.d4 Bg7 3.Nc3 d6 4.f4 Nf6 5.Nf3 c5 6.e5 dxe5 7.Bb5+ Nc6 8.d5 a6
9.Ba4 b5 10.dxc6 Qxd1+ 11.Nxd1 e4 12.Ne5 bxa4 13.a3 Ng4 14.Nc4 Be6 15.Nb6 Rd8
16.Ne3 Rd6 17.Nxa4 Rxc6 18.h3 Nxe3 19.Bxe3 Bd4 20.Kf2 f5 21.Rhd1 Kf7 22.Rd2 h6
23.Rc1 Rd8 24.b4 g5 25.g3 gxf4 26.gxf4 Bxe3+ 27.Kxe3 Rg8 28.Kf2 cxb4 29.axb4 Rc4
30.c3 e3+ 31.Kxe3 Rg3+ 32.Kf2 Rxh3 33.Kg2 Rh4 34.Rf1 Rg4+ 35.Kh2 Rh4+ 36.Kg2 Rg4+
37.Kh2 Rcxf4 38.Rxf4 Rxf4 39.Nc5 Bc4 40.Nd7 Re4 41.Kg3 Bb5 42.Nc5 Rc4 43.Ra2 Rxc3+
44.Kf2 Rc4 45.Nxa6 Bxa6 46.Rxa6 Rxb4 47.Rxh6 Rb3 48.Ke2 e6 49.Kf2 Ke7 50.Ke2 Kd6
51.Kf2 Kd5 52.Ke2 Ra3 53.Kf2 e5 54.Rb6 e4 55.Rb8 Ke5 56.Rh8 Kf4 57.Rh4+ Kg5
58.Rh8 Kg4 59.Rh7 Rh3 60.Ra7 Kf4 61.Kg2 Rg3+ 62.Kf1 Kf3 63.Ra2 e3 64.Rf2+ Ke4
65.Ra2 f4 66.Ra8 Kf3 67.Ra3 Rh3 68.Kg1 Rh8 69.Rb3 Rg8+ 70.Kf1 Ra8 71.Rb1 Ra2
72.Rc1 Rf2+ 73.Kg1 Rg2+ 74.Kh1 Rg8 75.Rf1+ Ke4 76.Ra1 e2 77.Kh2 Ke3  0-1

[Event "Politiken Cup"]
[Site "Copenhagen"]
[Date "1996.??.??"]
[Round "10"]
[White "Hector, Jonny"]
[Black "Nouro, Mikael"]
[Result "1-0"]
[WhiteElo "2520"]
[BlackElo "2275"]

1.e4 g6 2.d4 Bg7 3.Nc3 d6 4.f4 Nf6 5.Nf3 O-O 6.Bd3 Nc6 7.e5 dxe5 8.fxe5 Nh5
9.Be3 f6 10.Bc4+ Kh8 11.e6 f5 12.a3 a6 13.Qd2 Qd6 14.O-O Nd8 15.d5 b5 16.Ba2 c6
17.Rad1 Nf6 18.b4 cxd5 19.Bc5 Qxe6 20.Rfe1 Qc6 21.Nd4 Qc7 22.Rxe7 Qb8 23.Rxg7 Kxg7
24.Bxf8+ Kxf8 25.Qh6+ Kf7 26.Nxd5 Ne6 27.Nf4  1-0

[Event "CZE-chT 9596"]
[Site "?"]
[Date "1996.??.??"]
[Round "5"]
[White "Sluka, Radek"]
[Black "Spacek, Petr"]
[Result "1-0"]
[WhiteElo "2320"]
[BlackElo "2400"]

1.e4 g6 2.d4 Bg7 3.Nc3 d6 4.Be3 a6 5.Qd2 b5 6.f3 Nd7 7.O-O-O Bb7 8.g4 h5
9.gxh5 Rxh5 10.Nge2 e6 11.Ng3 Rh4 12.Kb1 Bh6 13.Bxh6 Rxh6 14.Bg2 Qh4 15.a4 b4
16.Nce2 a5 17.c3 b3 18.c4 Bc6 19.Nc3 Nb6 20.c5 dxc5 21.dxc5 Nxa4 22.Nxa4 Bxa4
23.f4 e5 24.Qd5 Rc8 25.Qxe5+ Ne7 26.f5 Kf8 27.f6 Nc6 28.Qc3 Qf4 29.h4 Kg8
30.h5 gxh5 31.Nxh5 Qe5 32.Qh3 Rd8 33.Rd5 Rxd5 34.exd5 Nd8 35.Bf3 Kh7 36.Rg1 Qe3
37.Qf5+ Rg6 38.Rh1 Kg8 39.Be4 Qd2 40.Nf4 Bd7 41.Nxg6  1-0

[Event "CZE-chT 9596"]
[Site "?"]
[Date "1996.??.??"]
[Round "6"]
[White "Vodicka, Vladimir"]
[Black "Nedela, Vlastimil"]
[Result "0-1"]
[WhiteElo "2340"]
[BlackElo "2445"]

1.e4 g6 2.d4 Bg7 3.Nc3 d6 4.Bc4 c6 5.Qf3 e6 6.Nge2 b5 7.Bd3 b4 8.Nb1 Bb7
9.O-O Ne7 10.Qh3 O-O 11.Nd2 Nd7 12.Nc4 Nb6 13.Na5 Bc8 14.a3 e5 15.Qg3 bxa3
16.Rxa3 exd4 17.Bg5 f6 18.Bf4 d5 19.Bd6 Bd7 20.Nb7 Qe8 21.Bc5 dxe4 22.Bxe4 Nbc8
23.Nxd4 f5 24.Bd3 f4 25.Bc4+ Kh8 26.Qf3 g5 27.Re1 g4 28.Qe4 Qh5 29.Be6 Rb8
30.Bxd7 Rxb7 31.Bxe7 Nxe7 32.Qxe7 Qd5 33.Rd3 Rxd7 34.Qe4 Bxd4 35.c3 Bxf2+
36.Kxf2 Qxd3 37.Qe5+ Rg7 38.Qc5 g3+ 39.Kg1 Qd8 40.h3 f3 41.Qe5 f2+  0-1

[Event "CZE-chT 9596"]
[Site "?"]
[Date "1996.??.??"]
[Round "10"]
[White "Voloshin, Leonid"]
[Black "Nedela, Vlastimil"]
[Result "1-0"]
[WhiteElo "2420"]
[BlackElo "2445"]

1.d4 g6 2.e4 Bg7 3.Nc3 d6 4.Be3 c6 5.Qd2 b5 6.O-O-O Nd7 7.f3 Nb6 8.g4 a5
9.h4 h5 10.gxh5 Rxh5 11.Bd3 Qc7 12.Nce2 Nc4 13.Bxc4 bxc4 14.Bg5 c5 15.c3 a4
16.a3 Rb8 17.dxc5 Qxc5 18.Nf4 Rh8 19.Nd5 Be6 20.Nb4 Qc8 21.Ne2 Nf6 22.Nf4 Rb7
23.e5 dxe5 24.Nxe6 fxe6 25.Qc2 Kf7 26.Rdg1 Bh6 27.Kb1 e4 28.fxe4 e5 29.Bxf6 exf6
30.h5 Bg5 31.hxg6+ Kxg6 32.Rxh8 Qxh8 33.Qxa4 Qh2 34.Qe8+ Kg7 35.Rd1 Qh3 36.Rd8 Kh6
37.Qc6 Qf1+ 38.Ka2 Rh7 39.Rc8 Bc1 40.Qxc4 Qg2 41.Nd3 Be3 42.Qe6  1-0

[Event "CZE-chT 9596"]
[Site "?"]
[Date "1996.??.??"]
[Round "10"]
[White "Vrana, Frantisek"]
[Black "Cesal, Jaroslav"]
[Result "1/2-1/2"]
[WhiteElo "2250"]
[BlackElo "2320"]

1.e4 g6 2.d4 Bg7 3.Nc3 d6 4.g3 Nc6 5.d5 Nb4 6.Bg2 Nf6 7.h3 Bd7 8.Nge2 Qc8
9.a3 Na6 10.a4 c6 11.a5 cxd5 12.Nxd5 Nxd5 13.exd5 Bf5 14.c3 Nc5 15.Nf4 Be5
16.Bf1 Be4 17.Bb5+ Kf8 18.f3 Bf5 19.g4 Bd7 20.Be2 h5 21.O-O hxg4 22.hxg4 Kg7
23.Kg2 g5 24.Nh5+ Rxh5 25.gxh5 Bh3+ 26.Kf2 Bxf1 27.Qxf1 Qf5 28.Qg1 Ne4+ 29.Ke1 Ng3
30.Qe3 f6 31.Qd3 Qxd3 32.Bxd3 Rh8 33.Be3 Rxh5 34.Bg1 Rh1 35.Kf2 Nh5 36.Kg2 Rh4
37.Bf1 Nf4+ 38.Kf2 Nxd5 39.Ke2 a6 40.Ra3 Nf4+ 41.Kf2 d5 42.Rb3 d4 43.Rxb7 dxc3
44.bxc3 Bxc3 45.Rxe7+ Kf8 46.Rd7 Ke8 47.Rd1 Bxa5 48.Bxa6 f5 49.Bf1 Rh1 50.Rb1 Bc3
51.Rd1 Bb4 52.Rc1 Ke7 53.Ba6 Kd6 54.Kf1 Ba3 55.Rc2 Ke5 56.Rh2  1/2-1/2

[Event "CZE-chT2a 9596"]
[Site "CZE"]
[Date "1996.??.??"]
[Round "?"]
[White "Efler, David"]
[Black "Kourek, Josef"]
[Result "0-1"]
[WhiteElo "2255"]
[BlackElo "2280"]

1.e4 g6 2.d4 Bg7 3.Nc3 d6 4.Bc4 Nf6 5.Qe2 O-O 6.Nf3 c6 7.e5 Ne8 8.e6 f6 9.d5 Nc7
10.a4 cxd5 11.Nxd5 Nxd5 12.Bxd5 Qa5+ 13.Qd2 Qxd2+ 14.Bxd2 Na6 15.O-O Nc7
16.c4 Bxe6 17.Bxb7 Rab8 18.Bc6 Rxb2 19.Ba5 Na6 20.Bb5 Nc5 21.Nd4 f5 22.Bc3 Bxd4
23.Bxd4 Rc2 24.Rae1 Kf7 25.Bxc5 dxc5 26.Re5 Bxc4 27.Rfe1 Bxb5 28.Rxe7+ Kg8
29.axb5 Rf7 30.Kf1 Rd2 31.Re8+ Kg7 32.Rc8 Rc2 33.Rc6 Rd7 34.f3 Rdd2 35.Re7+ Kh6
36.Rcc7 Rf2+ 37.Kg1 Rxg2+ 38.Kh1 Rxh2+ 39.Kg1 Rhd2 40.Re1 Rg2+ 41.Kh1 Rh2+
42.Kg1 Kg5 43.Rxa7 Kf4 44.Ra3 Rb2 45.Rc3 Rhe2 46.Rxe2 Rxe2 47.Rxc5 Re5 48.Rxe5 Kxe5
49.Kf2 Kd5 50.Ke3 Kc5 51.Kf4 Kxb5  0-1

[Event "CZE-chT1 9596"]
[Site "CZE"]
[Date "1996.??.??"]
[Round "?"]
[White "Efler, David"]
[Black "Novotny, Josef"]
[Result "0-1"]
[WhiteElo "2255"]
[BlackElo "2225"]

1.e4 d6 2.d4 g6 3.Nc3 Bg7 4.Bc4 Nf6 5.Qe2 O-O 6.Nf3 Bg4 7.e5 dxe5 8.dxe5 Nfd7
9.Bf4 e6 10.O-O-O Qe7 11.Bb5 c6 12.Bd3 Qb4 13.Qe3 Bxf3 14.gxf3 Qa5 15.Rhe1 b5
16.h4 b4 17.Nb1 Qxa2 18.h5 Rc8 19.hxg6 hxg6 20.Rg1 Nb6 21.Bh6 N8d7 22.Bxg6 Bxe5
23.Bd3+ Kh8 24.Bf8 Qxb2+ 25.Kd2 Nc4+ 26.Bxc4 Nxf8 27.Qh6+ Nh7 28.Bd3 f5 29.Rg2 Rc7
30.Qxe6 Bf4+ 31.Ke2 Qf6 32.Qxf6+ Nxf6 33.Bxf5 Re8+ 34.Kf1 Rg7 35.Bg4 Nxg4
36.fxg4 Rh7 37.Kg1 a5 38.g5 a4 39.g6 Rg7  0-1

[Event "CZE-chT2c 9596"]
[Site "CZE"]
[Date "1996.??.??"]
[Round "1"]
[White "Sluka, Radek"]
[Black "Nedela, Vlastimil"]
[Result "1-0"]
[WhiteElo "2310"]
[BlackElo "2435"]

1.e4 g6 2.d4 Bg7 3.Nc3 d6 4.Be3 c6 5.Qd2 Nd7 6.h4 h5 7.Nh3 b5 8.Ng5 Ngf6
9.f3 Qc7 10.Be2 a5 11.a4 b4 12.Nd1 Nb6 13.c3 bxc3 14.Nxc3 O-O 15.O-O Ba6
16.Bxa6 Rxa6 17.Qe2 Qb7 18.Bf2 Nh7 19.Nh3 Nd7 20.Nf4 Rb6 21.Nd3 Rb3 22.e5 Nb8
23.f4 Na6 24.Be3 Nc7 25.Rac1 Nd5 26.Nxd5 cxd5 27.Bd2 Qa6 28.Bc3 Qc4 29.Rcd1 Qxa4
30.Ra1 Qc6 31.Rxa5 Rfb8 32.f5 Nf8 33.Nf4 dxe5 34.Nxd5 Qd7 35.dxe5 R8b5 36.Rxb5 Rxb5
37.Nxe7+ Kh7 38.e6 Qxe7 39.Qxb5 fxe6 40.fxg6+ Nxg6 41.Qxh5+ Bh6 42.Bd2  1-0

[Event "Decin op"]
[Site "Decin"]
[Date "1996.??.??"]
[Round "3"]
[White "Cherevatenko, Roman"]
[Black "Berezovics, Alexander"]
[Result "1/2-1/2"]
[WhiteElo "2415"]
[BlackElo "2360"]

1.e4 d6 2.d4 g6 3.Nc3 Bg7 4.Be3 c6 5.Qd2 Nd7 6.f3 b5 7.g4 Qc7 8.Nge2 h5 9.g5 Nb6
10.b3 e6 11.Bh3 Ne7 12.O-O O-O 13.Ng3 Bd7 14.Nce2 c5 15.c3 a5 16.dxc5 dxc5
17.Qe1 e5 18.Bxd7  1/2-1/2

[Event "DEN-ch"]
[Site "?"]
[Date "1996.??.??"]
[Round "4"]
[White "Mortensen, Erling"]
[Black "Andreasen, Per"]
[Result "1-0"]
[WhiteElo "2430"]
[BlackElo "2325"]

1.e4 g6 2.d4 Bg7 3.Nc3 d6 4.f4 Nc6 5.Be3 Nf6 6.Nf3 O-O 7.Be2 e5 8.dxe5 dxe5
9.Qxd8 Rxd8 10.fxe5 Ng4 11.Bg5 Rd7 12.Nd5 h6 13.Nf6+ Nxf6 14.Bxf6 Nb4 15.Kf2 Nxc2
16.Rac1 Nb4 17.Bc4 Nd3+ 18.Bxd3 Rxd3 19.Bxg7 Kxg7 20.Rxc7 Be6 21.Rhc1 Bxa2
22.Rxb7 a5 23.Ke2 Rad8 24.Ra1 Bc4 25.Kf2 R8d7 26.Rb8 Ra7 27.Ra4 Bb3 28.Rd4 Rxd4
29.Nxd4 Ba2 30.Nb5 Re7 31.Nc3 Bc4 32.Ke3 Bf1 33.Kf2 Bc4 34.Rc8 Be6 35.Rc5 Rb7
36.Rb5 Rxb5 37.Nxb5 Kf8 38.Ke3 Ke7 39.Kd4 Kd7 40.Kc5 Bb3 41.Nd4 Bd1 42.Kd5 a4
43.e6+ fxe6+ 44.Ke5 Bb3 45.Nxb3  1-0

[Event "DEN-ch"]
[Site "?"]
[Date "1996.??.??"]
[Round "6"]
[White "Mortensen, Erling"]
[Black "Kristiansen, Jens"]
[Result "0-1"]
[WhiteElo "2430"]
[BlackElo "2440"]

1.e4 g6 2.d4 Bg7 3.Nc3 d6 4.Be3 Nc6 5.Qd2 e5 6.Nge2 Nf6 7.d5 Ne7 8.f3 c6
9.g4 cxd5 10.exd5 O-O 11.Ng3 Qa5 12.O-O-O Bd7 13.g5 Ne8 14.Kb1 f5 15.gxf6 Nxf6
16.Nge4 Nf5 17.Nxf6+ Bxf6 18.Bd3 Rac8 19.Bxf5 gxf5 20.Bg5 Qd8 21.Rhg1 Kh8
22.f4 Bxg5 23.Rxg5 Qf6 24.Qf2 Rc4 25.Qxa7 Rxf4 26.Rg2 Bc8 27.a3 Rc4 28.Re1 Qh4
29.Qg1 f4 30.Qf2 Qxf2 31.Rxf2 Bf5 32.Kc1 Bg6 33.Ref1 Kg7 34.Kd2 Rd4+ 35.Kc1 Rc8
36.Re1 Kf6 37.Rg2 Bh5 38.Ne4+ Rxe4 39.Rxe4 Bf3 40.Ree2 Bxe2 41.Rxe2 Kf5 42.Kd2 f3
43.Re3 Kf4 44.Rb3 Rc7 45.Rb6 Rd7 46.c4 e4 47.Rb4 Rf7 48.Ke1 Ke5 49.Rb3 Kd4
50.Rb4 e3  0-1

[Event "DEN-chT 9697"]
[Site "?"]
[Date "1996.??.??"]
[Round "2"]
[White "Hansen, Gunnar West"]
[Black "Nielsen, Poul Erik"]
[Result "1-0"]
[WhiteElo "2260"]
[BlackElo "2235"]

1.e4 g6 2.d4 Bg7 3.Nc3 d6 4.f4 c6 5.Nf3 Bg4 6.Be3 Qb6 7.Qd2 Bxf3 8.gxf3 Nd7
9.O-O-O Qa5 10.h4 e6 11.h5 O-O-O 12.Kb1 Kb8 13.hxg6 hxg6 14.Rxh8 Bxh8 15.Qh2 Qh5
16.Qxh5 gxh5 17.Rd2 Ne7 18.Rh2 Nf6 19.Bd3 Bg7 20.e5 Nfd5 21.Bc1 Bh6 22.Rxh5 Bxf4
23.exd6 Nxc3+ 24.bxc3 Bxd6 25.Rh7 f5 26.Rh6 e5 27.dxe5 Bxe5 28.Re6 Bd6 29.Bg5 Rd7
30.Rxd6 Rxd6 31.Bxe7 Rd5 32.c4 Rd4 33.Bf6  1-0

[Event "DEN-chT 9697"]
[Site "?"]
[Date "1996.??.??"]
[Round "2"]
[White "Rewitz, Poul"]
[Black "Andersen, Kaare Vissing"]
[Result "1-0"]
[WhiteElo "2320"]
[BlackElo "2265"]

1.e4 g6 2.d4 Bg7 3.Nc3 d6 4.Be3 c6 5.Qd2 Nf6 6.f3 Qa5 7.Bd3 Nbd7 8.Nge2 a6
9.a3 b5 10.g4 c5 11.Ng3 cxd4 12.Bxd4 Ne5 13.Bxe5 dxe5 14.h4 h5 15.g5 Nd7
16.Nd5 Qd8 17.a4 bxa4 18.Qc3 O-O 19.Rxa4 Nb6 20.Nxb6 Qxb6 21.Ke2 e6 22.Rha1 Rd8
23.Qa5 Qd6 24.Nf1 f6 25.Qd2 Qb6 26.Qe3 Qxb2 27.gxf6 Bxf6 28.Nd2 Kh7 29.Nb3 Bxh4
30.Qc5 Rb8 31.R4a2 Rxb3 32.Rxb2 Rxb2 33.Qc7+ Kh6 34.Rg1 Rb7 35.Qxe5 Rf7 36.Qh2 Bg5
37.Qg3  1-0

[Event "DEN-chT 9697"]
[Site "?"]
[Date "1996.??.??"]
[Round "3"]
[White "Rewitz, Poul"]
[Black "Hutters, Tomas"]
[Result "0-1"]
[WhiteElo "2320"]
[BlackElo "2425"]

1.e4 g6 2.d4 Bg7 3.Nc3 d6 4.Be3 Nd7 5.Qd2 a6 6.g3 b5 7.Bg2 Bb7 8.Nge2 Ngf6
9.f3 c5 10.dxc5 dxc5 11.Bh6 O-O 12.O-O-O Qa5 13.Kb1 b4 14.Nd5 Bxd5 15.exd5 Nb6
16.Bxg7 Kxg7 17.Nf4 Rad8 18.Qe2 Rfe8 19.h4 h6 20.g4 Nbxd5 21.Nxd5 Nxd5 22.f4 e6
23.h5 Qc7 24.g5 Nxf4 25.gxh6+ Kh8 26.Qg4 Rxd1+ 27.Rxd1 Nxh5 28.Qg5 Qe7 29.Qe5+ f6
30.Qe4 g5 31.Qc6 Nf4 32.Bf3 Rd8 33.Rxd8+ Qxd8 34.Qxc5 Kh7 35.Qxb4 Kxh6 36.a4 a5
37.Qc5 f5 38.Qe5 Kg6 39.b4 axb4 40.a5 Qd2 41.a6 b3 42.Be4 fxe4 43.Qxe4+ Kf6
44.cxb3 Nd3 45.Qf3+ Ke5 46.Qg3+ Kd5 47.Qf3+ Kc5 48.Qf8+ Kd5 49.Qf3+ Ke5 50.Qg3+ Ke4
51.Qg4+ Nf4 52.Qxg5 Qd3+ 53.Kb2 Qe2+ 54.Kb1 Qf1+ 55.Kc2 Qe2+ 56.Kb1 Qxa6
57.Qh6 Qd3+ 58.Ka1 Qd1+ 59.Ka2 Qd2+ 60.Ka1 Qe1+ 61.Ka2 Qa5+ 62.Kb1 Qd5 63.Kb2 Qf5
64.Ka2 Nd5 65.Ka3 Ne3 66.b4 Kd3 67.Ka4 Qe4 68.Qf8 Qd5 69.Qg7 e5 70.b5 e4
71.Qg3 Kc4 72.Qc7+ Qc5 73.Qf7+ Kd4 74.Qg7+ Kd3 75.Qg3 Qd4+ 76.Ka5 Kc4 77.Qc7+ Kb3
78.b6 Nc4+  0-1

[Event "DEN-chT9596"]
[Site "DEN"]
[Date "1996.??.??"]
[Round "4"]
[White "Christensen, Tobias"]
[Black "Hansen, Gunnar West"]
[Result "1/2-1/2"]
[WhiteElo "2375"]
[BlackElo "2275"]

1.e4 d6 2.d4 g6 3.Nc3 Bg7 4.f4 Nc6 5.Nf3 Bg4 6.Be3 e5 7.dxe5 dxe5 8.Qxd8+ Rxd8
9.Nd5 Nge7 10.Nxc7+ Kd7 11.Nb5 Kc8 12.fxe5 Nxe5 13.Nxe5 Bxe5 14.Nxa7+ Kb8
15.c3 f5 16.Be2 h5 17.Nb5 fxe4 18.Bxg4 hxg4 19.Bd4 Nc6 20.Bxe5+ Nxe5 21.Nd4 Nd3+
22.Ke2 Nxb2 23.Rab1 Na4 24.Nc6+ Ka8 25.Nxd8 Nxc3+ 26.Ke3 Nxb1 27.Nxb7 Nc3
28.Nc5 Rc8 29.Nb3 Rc4 30.Nd4 Ra4 31.Rc1 Ra3 32.Nc2 Ra4 33.Nd4 Ra3 34.Nc2 Ra4  1/2-1/2

[Event "Dresden (Women)"]
[Site "Dresden"]
[Date "1996.??.??"]
[Round "?"]
[White "Heymann, Ulrike"]
[Black "Rubene, Ilze"]
[Result "0-1"]
[WhiteElo "2125"]
[BlackElo "2190"]

1.e4 g6 2.d4 Bg7 3.Nc3 d6 4.Be3 c6 5.Qd2 Nd7 6.h4 h5 7.Nh3 Ngf6 8.f3 b5 9.Nd1 a6
10.Ndf2 Qc7 11.O-O-O Nb6 12.Ng5 Rb8 13.e5 Nfd5 14.exd6 exd6 15.Nfe4 Nxe3
16.Qxe3 O-O 17.Qf4 f6 18.Nh3 Bxh3 19.Rxh3 f5 20.Ng5 Rbe8 21.Qd2 Nd5 22.g4 Ne3
23.gxh5 Nxd1 24.Kxd1 gxh5 25.Rg3 d5 26.Rg1 Qe7 27.Bd3 Bxd4 28.Rg2 Bg7 29.Rg1 Kh8
30.Nh3 Qe3 31.Qxe3 Rxe3 32.Nf4 Rxf3 33.Ng6+ Kg8 34.Nxf8 Kxf8 35.Rg5 Bxb2
36.Rxh5 Ke7 37.Rxf5 Rh3 38.h5 a5 39.Rg5 Kd6 40.Rg6+ Kc5 41.h6 Rh1+ 42.Ke2 Rh2+
43.Kd1 Bc3 44.h7 a4 45.Bf5 Rd2+ 46.Kc1 Rf2 47.Bd3 Rh2 48.Rg1 Kb4 49.Bf5 Ka3
50.Kb1 b4 51.Bd3 c5 52.Bf5 c4 53.Be6 b3 54.axb3 axb3 55.Bf5 d4 56.cxb3 Kxb3
57.Bc2+ Ka3 58.Rd1 Kb4 59.Be4 Kb3 60.Rh1 Rxh1+ 61.Bxh1 d3 62.Kc1 Bf6 63.Bd5 Kc3
64.Be6 Kd4 65.Bd7 c3 66.Ba4 Kc4 67.Kb1 Kb4 68.Bd1 Ka3 69.Kc1 Ka2 70.Ba4 Be5
71.Kd1 Kb2  0-1

[Event "Nord Cup 2nd"]
[Site "Duesseldorf"]
[Date "1996.??.??"]
[Round "1"]
[White "Bolterauer, Klaus"]
[Black "Kitte, Sebastian"]
[Result "0-1"]
[WhiteElo "1795"]
[BlackElo "2265"]

1.Nc3 g6 2.d4 Bg7 3.e4 d6 4.Be3 c6 5.Bc4 Nf6 6.Qd2 b5 7.Bd3 Ng4 8.Nf3 Nxe3
9.fxe3 O-O 10.O-O Nd7 11.a4 b4 12.Ne2 a5 13.b3 Bb7 14.Rad1 Rc8 15.Nf4 c5
16.Qe2 Bh6 17.Nh3 Nb6 18.Nfg5 e6 19.Qg4 Qe7 20.Qh4 Kg7 21.Rf2 f6 22.Nxe6+ Qxe6
23.Nf4 Bxf4 24.Rxf4 c4 25.bxc4 Nxc4 26.d5 Qe7 27.Rf3 Nb2 28.Rh3 Kg8 29.Rf1 Nxd3
30.cxd3 Ba6 31.Rd1 Rf7 32.d4 b3 33.Rb1 Re8 34.Qg3 Qxe4  0-1

[Event "Nord Cup 2nd"]
[Site "Duesseldorf"]
[Date "1996.??.??"]
[Round "6"]
[White "Schmitz, Andreas"]
[Black "Budde, Vladimir"]
[Result "1/2-1/2"]
[WhiteElo "2140"]
[BlackElo "2305"]

1.e4 g6 2.d4 d6 3.Nc3 Bg7 4.Be3 Nf6 5.f3 c6 6.a4 O-O 7.Qd2 Nbd7 8.Bd3 e5
9.Nge2 Re8 10.O-O Qe7 11.Bg5 Qf8 12.Bc4 Nb6 13.Ba2 Be6 14.d5 cxd5 15.exd5 Bd7
16.a5 Nc8 17.Bb3 Nh5 18.Ba4 Bxa4 19.Rxa4 h6 20.Be3 f5 21.f4 a6 22.Rb4 Re7
23.fxe5 dxe5 24.Bc5 Qd8 25.Bxe7 Qxe7 26.Na4 Nf6 27.c4 Ne4 28.d6 Ncxd6 29.Qd5+ Kh7
30.Rb6 Rb8 31.Nc5 Rd8 32.Qe6 Qg5 33.Nxe4 Nxe4 34.Rxb7 Qe3+ 35.Kh1 Nf6 36.Rf7  1/2-1/2

[Event "RUS-ch sf"]
[Site "Ekaterinburg"]
[Date "1996.??.??"]
[Round "?"]
[White "Kalegin, Evgenij"]
[Black "Berezovics, Alexander"]
[Result "1-0"]
[WhiteElo "2495"]
[BlackElo "2355"]

1.e4 d6 2.d4 g6 3.Nc3 Bg7 4.Be3 c6 5.h3 Nf6 6.g4 O-O 7.g5 Nfd7 8.Qd2 b5 9.h4 Bb7
10.f3 e5 11.O-O-O Qa5 12.h5 Re8 13.hxg6 hxg6 14.dxe5 dxe5 15.Kb1 Nf8 16.Nh3 Na6
17.Bd3 Ne6 18.Nf2 Red8 19.Ng4 b4 20.Ne2 Nac5 21.Nc1 Nxd3 22.Nxd3 Ba6 23.Nf6+ Kf8
24.Qxb4+ Qxb4 25.Nxb4 Bb5 26.Rxd8+ Rxd8 27.Bxa7 Ke7 28.c4 Ba4 29.b3 Nxg5
30.Ng4 Nxf3 31.bxa4 Rd2 32.Bc5+ Ke6 33.a5 f5 34.Nf2 Nd4 35.a6 Ne2 36.a7 Nc3+
37.Kc1 Rd8 38.Nxc6 Ra8 39.Rh7 Bf6 40.Rb7 Na4 41.Rb8  1-0

[Event "RUS-ch (Women)"]
[Site "Elista"]
[Date "1996.??.??"]
[Round "9"]
[White "Shadrina, Tatiana"]
[Black "Sirotkina, Nina"]
[Result "0-1"]
[WhiteElo "2225"]
[BlackElo "2245"]

1.e4 d6 2.d4 g6 3.Nc3 Bg7 4.Be2 c6 5.Be3 b5 6.a3 a6 7.Qd2 Nd7 8.h4 h5 9.Nf3 Nb6
10.Ng5 Nf6 11.f3 Qc7 12.O-O-O a5 13.e5 b4 14.exf6 bxc3 15.Qxc3 Bxf6 16.Ne4 Bg7
17.Qd2 Na4 18.b3 Nb6 19.a4 Nd5 20.Kb1 Nxe3 21.Qxe3 Rb8 22.Ng5 Rb4 23.g4 Qa7
24.c3 Rxb3+ 25.Kc2 Rb8 26.Qf4 e5 27.dxe5 Bxe5 28.Qe4 O-O 29.Bd3 Qc5 30.Bc4 Kg7
31.Rb1 Rxb1 32.Rxb1 Bf6 33.Qf4 d5 34.Be2 Qxc3+ 35.Kd1 Be5 36.Qd2 hxg4 37.fxg4 Qxd2+
38.Kxd2 Rh8 39.Rb6 Rxh4 40.Rxc6 Bd7 41.Rc5 Bf4+ 42.Kd3 Bxg5 43.Rxd5 Rh3+  0-1

[Event "RUS-ch (Women)"]
[Site "Elista"]
[Date "1996.??.??"]
[Round "11"]
[White "Shadrina, Tatiana"]
[Black "Razuvajeva, Julia"]
[Result "1-0"]
[WhiteElo "2225"]
[BlackElo "2090"]

1.e4 g6 2.d4 Bg7 3.Nc3 d6 4.Be2 c6 5.f4 e5 6.dxe5 dxe5 7.Qxd8+ Kxd8 8.fxe5 Bxe5
9.Nf3 Bg7 10.Bg5+ Ke8 11.O-O-O Ne7 12.e5 Bf5 13.Bf6 Rg8 14.g4 Bxg4 15.Ne4 Bd7
16.Nd6+ Kf8 17.Ng5 Bh6 18.Nxf7 Bxg5+ 19.Nxg5 Nd5 20.Nxh7+ Ke8 21.Bc4 Na6
22.Rxd5 cxd5 23.Bxd5 Bc6 24.Bxg8 Bxh1 25.e6  1-0

[Event "FIN-chT 9596"]
[Site "FIN"]
[Date "1996.??.??"]
[Round "3"]
[White "Pulkkinen, Kari"]
[Black "Maki, Veijo"]
[Result "0-1"]
[WhiteElo "2345"]
[BlackElo "2420"]

1.e4 g6 2.d4 Bg7 3.Nc3 d6 4.g3 Nf6 5.Bg2 O-O 6.Nge2 e5 7.O-O Nc6 8.d5 Ne7
9.h3 c6 10.g4 cxd5 11.exd5 h5 12.g5 Nh7 13.Ng3 Nf5 14.Nxf5 Bxf5 15.h4 f6
16.Ne4 fxg5 17.Nxg5 Nxg5 18.hxg5 Rc8 19.c3 Rc4 20.Be3 Rh4 21.f3 Rf4 22.Bxf4 exf4
23.Re1 Qxg5 24.Qd2 h4 25.Kh1 h3 26.Bf1 Qg3 27.Qe2 Bf6 28.Red1 Bd8 29.Rd4 Bb6
30.Rad1 Kf7 31.Re1 Kg8 32.Rc1 g5 33.Rcd1 g4 34.R1d2 Kf7 35.Qf2 Qxf2 36.Rxf2 Bxd4
37.cxd4 g3  0-1

[Event "FIN-chT 9697 Division-B"]
[Site "FIN"]
[Date "1996.??.??"]
[Round "3.1"]
[White "Osterman, Georg"]
[Black "Nouro, Mikael"]
[Result "1-0"]
[WhiteElo "2260"]
[BlackElo "2275"]

1.e4 g6 2.d4 Bg7 3.Nc3 d6 4.f4 Nf6 5.Nf3 O-O 6.e5 Nfd7 7.h4 c5 8.h5 cxd4
9.Qxd4 dxe5 10.Qf2 e6 11.hxg6 fxg6 12.Qg3 exf4 13.Bxf4 Qf6 14.Bg5 Qf7 15.Bc4 Nc6
16.O-O-O Nde5 17.Qh4 h5 18.Nxe5 Nxe5 19.Rhf1 Qc7 20.Rxf8+ Bxf8 21.Qf4 Bg7
22.Rd8+ Kh7 23.Ne4 Qf7 24.Nf6+  1-0

[Event "FIN-chT 9697"]
[Site "FIN"]
[Date "1996.??.??"]
[Round "4.3"]
[White "Nevanlinna, Risto"]
[Black "Lindstedt, Johan"]
[Result "0-1"]
[WhiteElo "2300"]
[BlackElo "2310"]

1.e4 g6 2.d4 Bg7 3.Nc3 d6 4.f4 c6 5.Be3 d5 6.Nf3 dxe4 7.Nxe4 Nd7 8.Qd2 Ngf6
9.Nxf6+ Nxf6 10.Bc4 Ne4 11.Qd3 Bf5 12.Qb3 Nd6 13.Be2 Qa5+ 14.c3 Qd5 15.O-O Qxb3
16.axb3 a6 17.Ne5 O-O 18.c4 Rfd8 19.g4 Be4 20.Nd3 Bxd3 21.Bxd3 Ne8 22.d5 cxd5
23.cxd5 Rxd5 24.Bc4 Rd7 25.Rf2 Bd4 26.Re1 Bxe3 27.Rxe3 Nf6 28.Rfe2 Kf8 29.g5 Nh5
30.Rf2 e6 31.Rh3 Rd1+ 32.Kg2 Rd4 33.Rhf3 Rad8 34.h4 Rd2 35.Kf1 R8d4  0-1

[Event "Finkenstein op"]
[Site "Finkenstein"]
[Date "1996.??.??"]
[Round "2"]
[White "Praznik, Niko"]
[Black "Kocher, M."]
[Result "1-0"]
[WhiteElo "2145"]
[BlackElo "1740"]

1.e4 g6 2.d4 Bg7 3.Nc3 d6 4.Nf3 Nf6 5.Bc4 O-O 6.Qe2 a6 7.a4 c5 8.dxc5 dxc5
9.e5 Ng4 10.h3 Nh6 11.O-O Nc6 12.Rd1 Qb6 13.e6 f6 14.Nd5 Qa7 15.a5 Qb8 16.Bf4 Ne5
17.Nxe7+ Kh8 18.Nxc8 Nxf3+ 19.Qxf3 Qxc8 20.Rd7 Nf5 21.c3 Qc6 22.Bd5 Qb5 23.Rxb7 Qe8
24.e7 Nxe7 25.Rxe7 Qxe7 26.Bxa8 g5 27.Be3 Rb8 28.Be4 Rxb2 29.Qf5 Bf8 30.Rd1 Ra2
31.g3 Ra4 32.Bc2 Qb7 33.Bxa4  1-0

[Event "FRA-ch"]
[Site "France"]
[Date "1996.??.??"]
[Round "4"]
[White "Apicella, Manuel"]
[Black "Bricard, Emmanuel"]
[Result "1-0"]
[WhiteElo "2560"]
[BlackElo "2475"]

1.e4 g6 2.d4 Bg7 3.Nc3 d6 4.Be3 a6 5.Qd2 Nd7 6.O-O-O b5 7.h4 h6 8.Kb1 Bb7
9.f3 Ngf6 10.Nh3 Nb6 11.Bd3 Qd7 12.g4 O-O-O 13.Ne2 c6 14.Nc1 Qc7 15.Qf2 Nfd7
16.h5 g5 17.f4 gxf4 18.Qxf4 Rdf8 19.c3 c5 20.g5 e5 21.Qf5 exd4 22.cxd4 cxd4
23.gxh6 Be5 24.Bg5 Kb8 25.Nf2 Nc5 26.Bf6 Bc8 27.Bxh8 Bxf5 28.Bg7 Re8 29.exf5 Nc4
30.Nb3 Ne3 31.Rc1 Qd7 32.Nxc5 dxc5 33.Bxe5+ Ka7 34.h7  1-0

[Event "FRA-ch"]
[Site "France"]
[Date "1996.??.??"]
[Round "12"]
[White "Bauer, Christian"]
[Black "Chomet, Pascal"]
[Result "1-0"]
[WhiteElo "2465"]
[BlackElo "2385"]

1.d4 d6 2.e4 g6 3.Nc3 Bg7 4.Bc4 Nc6 5.Be3 Nf6 6.f3 O-O 7.Nge2 e5 8.O-O a6
9.a3 b5 10.Ba2 exd4 11.Nxd4 Nxd4 12.Bxd4 Bb7 13.Qd2 Qe7 14.Rae1 c5 15.Bf2 Rad8
16.Nd1 Qc7 17.Bh4 Rd7 18.Nf2 Re8 19.c3 c4 20.Bb1 Qc5 21.Bg5 Qc7 22.Qf4 Re6
23.Qh4 Qc5 24.Kh1 d5 25.e5 Ne8 26.Ng4 d4 27.Qf2 Qb6 28.cxd4 h5 29.Ne3 Rxd4
30.f4 Qc6 31.Rg1 Qd7 32.Rd1 Nc7 33.Rxd4 Qxd4 34.Rd1 Qc5 35.f5 Rxe5 36.fxg6 fxg6
37.Bxg6 Bxg2+ 38.Qxg2 Rxg5 39.Qe4 Bf6 40.Bf5 Qe7 41.Qf3 Qe5 42.Bb1 Ne6 43.Rf1 Kf7
44.Nf5 Nd4 45.Qb7+ Kf8 46.Ng3 Rxg3 47.hxg3 Ne2 48.Bg6 Nxg3+ 49.Kg2 Qe2+ 50.Rf2 Qe7
51.Qxe7+ Kxe7 52.Kxg3 Be5+ 53.Kh4 a5 54.Kxh5 b4 55.axb4 axb4 56.Kg5 Kd6 57.Bf7 c3
58.b3 Bd4 59.Re2 Kc5 60.Kf4 Bg7  1-0

[Event "FRA-ch"]
[Site "France"]
[Date "1996.??.??"]
[Round "14"]
[White "Prie, Eric"]
[Black "Bricard, Emmanuel"]
[Result "1/2-1/2"]
[WhiteElo "2480"]
[BlackElo "2475"]

1.e4 g6 2.d4 Bg7 3.Nc3 d6 4.f4 c6 5.Nf3 Bg4 6.Be3 Qb6 7.Qd2 Bxf3 8.gxf3 Nd7
9.Bh3 Qc7 10.O-O-O O-O-O 11.Ne2 Kb8 12.Kb1 Ngf6 13.c4  1/2-1/2